000 00790nam a2200253 i 4500
001 014289208
003 EG-ScBUE
005 20260120100307.0
008 070024s1964 enka g b 001 0 eng d
040 _aUk
_beng
_erda
_cUk
_dEG-ScBUE
082 0 4 _222
_a551.5
_bMIL
100 1 _aMiller, Arthur Austin,
_eauthor.
_934710
_d1900-
245 1 0 _aClimatology /
_bby A. Austin Miller.
264 1 _aLondon :
_bMethuen & Co. LTD.
_c1964.
300 _ax, 320 pages :
_billustrations ;
_c22 cm
336 _2rdacontent
_atext
_btxt
337 _aunmediated
_2rdamedia
_bn
338 _avolume
_bnc
_2rdacarrier
504 _aIncludes bibliographical references and index.
650 7 _934711
_aClimatology.
_2BUEsh
653 _cDecember2013
655 _vReading book
_934232
942 _2ddc
_cBB
999 _c17881
_d17853